000 01294nam a2200397 c 4500
001 51083
003 ES-MaCES
005 20210305121611.0
008 181226s2018 sp o000 ||spa d
020 _a9788448615161
020 _a9780008501747 (MHID)
020 _a9788473516396 (INAP)
024 _a174-84-486-021-1
_2nipo
040 _aES-MaCES
_bspa
_cES-MaCES
100 1 _939402
_aLidón Lara Ortiz, María
245 1 3 _aLa supervision bancaria europea
_cMaría Lidón Lara Ortiz
250 _a1ª ed. en spa
260 _aMadrid [etc.]
_bMcGraw-Hill Interamericana
_b: Instituto Nacional de Administración Pública
_c[2018]
300 _aXII, 179 p.
_bgráf. bl. y n.
_c24 cm
504 _aBibliografía: p. 167-179
541 _cCompra
650 7 _abanco
_928104
650 7 _aactividad bancaria
_928105
650 7 _amercado financiero
_928150
650 7 _apolítica financiera
_928124
650 7 _aBanco Central Europeo
_931305
650 7 _aorganización institucional
_927196
650 7 _amecanismo de control
_929918
650 7 _aUE
_926752
650 7 _aderecho comunitario
_929866
650 7 _aderecho administrativo
_927155
650 7 _arégimen jurídico
_929894
653 1 0 _aFinanciación
902 _aLIB Libro
942 _2CES
_cBK
_h0.0.
999 _c51083
_d51083